[Event "ch-CZE"]
[Site "Lahucovice CZE"]
[Date "2003.02.23"]
[Round "6"]
[White "Haba,P"]
[Black "Navara,D"]
[Result "1/2-1/2"]
[WhiteElo "2516"]
[BlackElo "2580"]

1.d4 Nf6 2.c4 g6 3.Nc3 d5 4.cxd5 Nxd5 5.e4 Nxc3 6.bxc3 Bg7 7.Nf3 c5 8.Rb1 O-O
9.Be2 b6 10.O-O Bb7 11.Qd3 e6 12.Bg5 Qc7 13.d5 exd5 14.exd5 Qd6 15.c4 Nd7
16.Qd2 Rae8 17.Rfe1 Bc8 18.h3 Ne5 19.Nxe5 Bxe5 20.Bh6  1/2-1/2

[Event "Open"]
[Site "Portsmouth ENG"]
[Date "2003.02.23"]
[Round "6"]
[White "Singleton,M"]
[Black "Webb,Ri"]
[Result "1/2-1/2"]
[WhiteElo "2126"]
[BlackElo "2372"]

1.d4 Nf6 2.c4 g6 3.Nc3 d5 4.cxd5 Nxd5 5.e4 Nxc3 6.bxc3 Bg7 7.Nf3 O-O 8.Rb1 c5
9.Be2 cxd4 10.cxd4 Qa5+ 11.Bd2 Qxa2 12.O-O Bg4 13.Bg5 h6 14.Be3 Nc6 15.d5 Na5
16.Bc5 Bf6 17.Rb4 Rfc8 18.Be3 Bc3 19.Ra4 Qb3 20.Qxb3 Nxb3 21.Rxa7 Rxa7 22.Bxa7 Ra8
23.Be3 g5 24.h4 f6 25.hxg5 hxg5 26.d6 Kf8 27.dxe7+ Kxe7 28.Bc4 Bxf3 29.gxf3 Nd4
30.Kg2 Ra1 31.Bxd4  1/2-1/2

[Event "Hrokurinn"]
[Site "Reykjavic ISL"]
[Date "2003.02.24"]
[Round "6"]
[White "Bacrot,E"]
[Black "McShane,L"]
[Result "0-1"]
[WhiteElo "2671"]
[BlackElo "2568"]

1.d4 Nf6 2.c4 g6 3.Nc3 d5 4.cxd5 Nxd5 5.e4 Nxc3 6.bxc3 Bg7 7.Ba3 O-O 8.Nf3 b6
9.Be2 Bb7 10.Qd3 Qd7 11.O-O Qa4 12.c4 Nd7 13.Bd1 Qa5 14.e5 c5 15.Rb1 cxd4
16.Rb5 Qc3 17.Qxc3 dxc3 18.Bxe7 Rfe8 19.Bd6 Rac8 20.Re1 Bc6 21.Rb1 Bxf3 22.gxf3 Bxe5
23.Bxe5 Nxe5 24.Re3 Nxc4 25.Rxc3 Re1+ 26.Kg2 Nd6 27.Rd3 Nf5 28.Rb5 Rc7 29.Rbd5 Kg7
30.Rd2 h6 31.Bb3 Nh4+ 32.Kg3 Nf5+ 33.Kg2 Nh4+ 34.Kg3 g5 35.Rd7 Rg1+ 36.Kh3 Nxf3
37.Be6 h5  0-1

[Event "Open"]
[Site "Cappelle la Grande FRA"]
[Date "2003.02.25"]
[Round "5"]
[White "Murdzia,P"]
[Black "Kovchan,A"]
[Result "1/2-1/2"]
[WhiteElo "2418"]
[BlackElo "2536"]

1.d4 Nf6 2.c4 g6 3.Nc3 d5 4.cxd5 Nxd5 5.e4 Nxc3 6.bxc3 Bg7 7.Nf3 c5 8.Rb1 O-O
9.Be2 b6 10.O-O Bb7 11.Qd3 Ba6 12.Qe3 Qd7 13.dxc5 Bxe2 14.Qxe2 bxc5 15.Qc4 Qc6
16.e5 Nd7 17.Re1 e6 18.Qh4 Rfb8 19.Ra1 Qc7 20.Bh6 Nxe5 21.Ng5 Bxh6 22.Qxh6 f6
23.Nxe6 Qe7 24.Nf4 Qf7 25.Rad1 Rd8 26.Qh3 Rab8 27.Nd3 Nxd3 28.Rxd3 Qxa2 29.Rde3 Rb1
30.g3 Rxe1+ 31.Rxe1 Qa6 32.Qg4 Qd6 33.Qc4+ Kg7 34.h4 Rd7 35.Re6 Qd1+ 36.Kh2 Qd5
37.Re7+ Kg8 38.Qxd5+ Rxd5 39.Rxa7 Rd3 40.c4 Rd4 41.Rc7 Rxc4 42.Kg2 Rc3 43.Kf1 Rc2
44.Kg2 h5 45.Kf3 c4 46.Ke3 Kf8 47.Kf3 c3 48.Ke3 Kg8 49.Kf3 Rc1 50.Ke3 c2
51.Kf3 Kf8 52.Kg2 Ke8 53.f3 Kd8 54.Rc3 Ke7 55.Rc4 g5 56.hxg5 fxg5 57.Rc3 Ke6
58.Rc8 h4 59.gxh4 gxh4 60.Rc3 h3+ 61.Kh2 Kf5 62.Rc8 Kf4 63.Rf8+ Ke3 64.Re8+ Kxf3
65.Rf8+ Ke3 66.Re8+ Kf3 67.Rf8+ Ke3 68.Re8+  1/2-1/2

[Event "ch-CZE b18+20"]
[Site "Lahucovice CZE"]
[Date "2003.02.26"]
[Round "8"]
[White "Rubal,A"]
[Black "Studnicka,T"]
[Result "1/2-1/2"]
[WhiteElo "2132"]
[BlackElo "2124"]

1.d4 Nf6 2.c4 g6 3.Nc3 d5 4.cxd5 Nxd5 5.e4 Nxc3 6.bxc3 Bg7 7.Nf3 c5 8.Rb1 O-O
9.Be2 b6 10.O-O Bb7 11.Qd3 e6 12.Bf4 cxd4 13.cxd4 Nd7 14.Rbc1 Nf6 15.Nd2 Rc8
16.f3 Qd7 17.Nc4 Nh5 18.Be3 Rfd8 19.g4 Nf6 20.Ne5 Qa4 21.Qb3 Qxb3 22.axb3 Ne8
23.g5 Nd6 24.Rxc8 Rxc8 25.Rc1 Kf8 26.Rxc8+ Nxc8 27.Kf1 Bxe5 28.dxe5 Ke7 29.Ke1 Kd7
30.Kd2 Kc7 31.b4 a6 32.Kc3 Ne7 33.h3 Nc6 34.h4 Nb8 35.Kb3 Bc6 36.Ka3 Kb7
37.Kb3 Nd7 38.Bd4 Ka7 39.Ka3 Bb7 40.Kb3 Nb8 41.Bd3 Nc6 42.Kc3 Nxd4 43.Kxd4 Bc6
44.Kc3 Kb7 45.Kd4 Bd7 46.Kc3 b5 47.Kd4 Kb6 48.Kc3 a5 49.Kb3 Bc6 50.Kc3 Bb7
51.Kb3 Bc8 52.Kc3 Bb7 53.Kb3 axb4 54.Kxb4 Bc6 55.Be2  1/2-1/2

[Event "FSGM March"]
[Site "Budapest HUN"]
[Date "2003.03.02"]
[Round "2"]
[White "Farago,I"]
[Black "Flumbort,A"]
[Result "1/2-1/2"]
[WhiteElo "2483"]
[BlackElo "2443"]

1.d4 Nf6 2.c4 g6 3.Nc3 d5 4.cxd5 Nxd5 5.e4 Nxc3 6.bxc3 Bg7 7.Bc4 O-O 8.Ne2 c5
9.Be3 Nc6 10.O-O Bg4 11.f3 Na5 12.Bd3 cxd4 13.cxd4 Be6 14.Rc1 Bxa2 15.Qa4 Be6
16.d5 Bd7 17.Qb4 e6 18.Nc3 exd5 19.exd5  1/2-1/2

[Event "Edda Rapid"]
[Site "Reykjavic ISL"]
[Date "2003.03.03"]
[Round "2"]
[White "Karason,A"]
[Black "Kjartansson,G"]
[Result "1-0"]
[WhiteElo "2259"]
[BlackElo "2106"]

1.d4 Nf6 2.c4 g6 3.Nc3 d5 4.cxd5 Nxd5 5.e4 Nxc3 6.bxc3 Bg7 7.Nf3 c5 8.Rb1 O-O
9.Be2 cxd4 10.cxd4 Qa5+ 11.Bd2 Qxa2 12.O-O Bg4 13.Bg5 h6 14.Bh4 g5 15.Bg3 Nc6
16.d5 Rfd8 17.Rxb7 e6 18.Qc1 Na5 19.Rxf7 Qxe2 20.Rxg7+ Kxg7 21.Qc7+ Kg6 22.Ne5+ Kf6
23.Qf7+  1-0

[Event "Edda Rapid"]
[Site "Reykjavic ISL"]
[Date "2003.03.03"]
[Round "3"]
[White "Gretarsson,H"]
[Black "Krasenkow,M"]
[Result "1-0"]
[WhiteElo "2516"]
[BlackElo "2633"]

1.d4 Nf6 2.c4 g6 3.Nc3 d5 4.cxd5 Nxd5 5.e4 Nxc3 6.bxc3 Bg7 7.Bc4 c5 8.Ne2 Nc6
9.Be3 O-O 10.O-O Bd7 11.Rb1 Rc8 12.Bd3 Na5 13.dxc5 e5 14.Qc2 Qc7 15.c4 Nc6
16.Nc3 Nd4 17.Bxd4 exd4 18.Nd5 Qxc5 19.Rxb7 Rfd8 20.f4 Kh8 21.f5 gxf5 22.exf5 Bc6
23.f6 Bxb7 24.fxg7+ Kxg7 25.Qf2 Bxd5 26.Qf6+ Kf8 27.cxd5 Qxd5 28.Re1 Kg8
29.Re5  1-0

[Event "Edda Rapid"]
[Site "Reykjavic ISL"]
[Date "2003.03.05"]
[Round "8"]
[White "Van Wely,L"]
[Black "McShane,L"]
[Result "1-0"]
[WhiteElo "2668"]
[BlackElo "2568"]

1.d4 Nf6 2.c4 g6 3.Nc3 d5 4.cxd5 Nxd5 5.e4 Nxc3 6.bxc3 Bg7 7.Bc4 c5 8.Ne2 O-O
9.O-O Nc6 10.Be3 e6 11.Qd2 Qa5 12.Qb2 cxd4 13.cxd4 b6 14.Rac1 Bb7 15.Rfd1 Rac8
16.a3 Qh5 17.f3 Rfd8 18.Nf4 Qg5 19.Qf2 Qe7 20.a4 Nb4 21.h4 Bc6 22.Bb3 Qe8
23.Ra1 e5 24.Ne2 exd4 25.Bxd4 Bb7 26.Qe3 Nc2 27.Bxc2 Rxc2 28.Bxg7 Kxg7 29.h5 Ba6
30.h6+ Kg8 31.Qg5 Rdc8 32.Nf4 Bc4 33.Rd6 Bb3 34.Rad1 Rc1 35.Rxc1 Rxc1+ 36.Kh2 Rc8  1-0

[Event "Spring Festival GM"]
[Site "Bucharest ROM"]
[Date "2003.03.10"]
[Round "8"]
[White "Gordin,A"]
[Black "Lupulescu,C"]
[Result "0-1"]
[WhiteElo "2275"]
[BlackElo "2496"]

1.d4 Nf6 2.c4 g6 3.Nc3 d5 4.cxd5 Nxd5 5.e4 Nxc3 6.bxc3 Bg7 7.Bc4 O-O 8.Ne2 Nc6
9.O-O b6 10.Be3 Bb7 11.Qd2 Na5 12.Bd3 c5 13.Bh6 cxd4 14.Bxg7 Kxg7 15.cxd4 Rc8
16.Rac1 Qd6 17.Kh1 e6 18.e5 Qe7 19.Qe3 Rfd8 20.Rcd1 Nc4 21.Bxc4 Rxc4 22.Rd2 Rdc8
23.Rfd1 Ra4 24.Nf4 Ra3 25.Rd3 Rxa2 26.Qg3 Kh8 27.Nh3 Rcc2 28.Qf4 Kg7 29.Rg3 Ra4
30.Qg4 Rac4 31.Nf4 Rc1 32.Rd3 Kh8 33.Ne2 Rxd1+ 34.Rxd1 b5 35.h4 h5 36.Qf4 Kg7
37.Rd3 b4 38.Rg3 Rc2 39.Nc1 a5 40.Nb3 a4 41.Nc5 a3 42.Nb3 Bd5  0-1

[Event "19th Open"]
[Site "Bad Woerishofen GER"]
[Date "2003.03.14"]
[Round "2"]
[White "Henrichs,T"]
[Black "Hillenbrand,A"]
[Result "1-0"]
[WhiteElo "2439"]
[BlackElo "2155"]

1.d4 Nf6 2.c4 g6 3.Nc3 d5 4.cxd5 Nxd5 5.e4 Nxc3 6.bxc3 Bg7 7.Bc4 O-O 8.Ne2 c5
9.O-O Nc6 10.Be3 Qc7 11.Rc1 Rd8 12.Bf4 e5 13.Bg5 exd4 14.Bxd8 Qxd8 15.Bd5 Qf6
16.cxd4 cxd4 17.Qb3 Qe7 18.Rb1 Bg4 19.f3 Bc8 20.Rfd1 Bd7 21.Qxb7 Rb8 22.Qa6 Qc5
23.Rbc1 Nb4 24.Rxc5 Nxa6 25.Ra5 d3 26.Rxd3 Rb1+ 27.Kf2 Bb5 28.Rb3 Rxb3 29.Bxb3  1-0

[Event "TCh-CZE 2002-3"]
[Site "Czech Rep CZE"]
[Date "2003.03.15"]
[Round "8"]
[White "Markos,J"]
[Black "Votava,J"]
[Result "1/2-1/2"]
[WhiteElo "2450"]
[BlackElo "2518"]

1.d4 Nf6 2.c4 g6 3.Nc3 d5 4.cxd5 Nxd5 5.e4 Nxc3 6.bxc3 Bg7 7.Nf3 c5 8.Rb1 O-O
9.Be2 b6 10.O-O Bb7 11.Qd3 e6 12.Bg5 Qc7 13.Rfd1 Nd7 14.Qe3 Nf6 15.Bd3 Ng4
16.Qc1 cxd4 17.cxd4 Rfc8 18.h3 Qxc1 19.Rbxc1 Nf6 20.Nd2 Ne8 21.Be3 Bf8 22.f3 Ba3
23.Rxc8 Rxc8 24.Nc4 Be7 25.g4 Bc6 26.Kf2 Ba4 27.Rc1 Nd6 28.Nxd6 Rxc1 29.Bxc1 Bxd6
30.f4 Kf8 31.Ke3 Ke8 32.h4 Kd7 33.Be2 Bc6 34.h5 gxh5 35.gxh5 f5 36.Bd3 fxe4
37.Bxe4 Bxe4 38.Kxe4 b5 39.d5 Bc7 40.f5 exf5+ 41.Kxf5 Bd8 42.Ke5  1/2-1/2

[Event "Tch-SWE 2002-3"]
[Site "Sweden SWE"]
[Date "2003.03.15"]
[Round "10"]
[White "Sandstrom,L"]
[Black "Moberg,K"]
[Result "1/2-1/2"]
[WhiteElo "2357"]
[BlackElo "2354"]

1.d4 Nf6 2.c4 g6 3.Nc3 d5 4.cxd5 Nxd5 5.e4 Nxc3 6.bxc3 Bg7 7.Bc4 c5 8.Ne2 O-O
9.O-O Nc6 10.Be3 Bg4 11.f3 Bd7 12.Rb1 a6 13.d5 Na5 14.Bd3 Rc8 15.c4 b5 16.cxb5 c4
17.Bc2 axb5 18.a4 c3 19.axb5 Nc4 20.Qc1 Qa5 21.Bf2 Bxb5 22.Re1 Nd2 23.Ra1 Qb4
24.Ra7 Ra8 25.Rb7 Rfb8 26.Rxb8+ Rxb8 27.Qd1 Ra8 28.Nc1 Bd4 29.Bxd4 Qxd4+
30.Kh1 Ra1 31.f4 Qf2 32.Rg1 Bf1 33.f5 Kg7 34.fxg6 hxg6 35.e5 Bc4 36.d6 exd6
37.exd6 Qd4 38.Ne2 Rxd1 39.Nxd4 Rxg1+ 40.Kxg1 Kf8 41.Kf2 Ke8 42.Ne2  1/2-1/2

[Event "TCh-CZE 2002-3"]
[Site "Czech Rep CZE"]
[Date "2003.03.16"]
[Round "9"]
[White "Neuman,A"]
[Black "Konopka,M"]
[Result "1-0"]
[WhiteElo "2095"]
[BlackElo "2448"]

1.d4 Nf6 2.c4 g6 3.Nc3 d5 4.cxd5 Nxd5 5.e4 Nxc3 6.bxc3 Bg7 7.Nf3 c5 8.Rb1 O-O
9.Be2 b6 10.h4 Bb7 11.d5 Bxc3+ 12.Bd2 Bxd2+ 13.Qxd2 f6 14.h5 g5 15.Nxg5 fxg5
16.Qxg5+ Kh8 17.h6 Rf7 18.Bh5 Qf8 19.Bxf7 Qxf7 20.Rb3 Nd7 21.Rf3 Nf6 22.Rh4 Rg8
23.Qe5 Bxd5 24.exd5 Qxd5 25.Qxd5 Nxd5 26.Rh5 Nb4 27.Kf1 Nc6 28.Re3 Rg6 29.f4 Kg8
30.f5 Rf6 31.Rg5+ Kf8 32.Re6 Nd4 33.Rxf6+ exf6 34.Rg7 Nxf5 35.Rxh7 a5 36.Rb7 Nxh6
37.Rxb6 Ng4 38.Rc6 Ne3+ 39.Kf2 Nd1+ 40.Kf3 Nc3 41.Rxf6+ Ke7 42.Ra6 Nxa2 43.Rxa5 Nb4
44.Rxc5 Kf6 45.Ke4  1-0

[Event "Tch-SWE 2002-3"]
[Site "Sweden SWE"]
[Date "2003.03.16"]
[Round "11"]
[White "Sokolov,I"]
[Black "Ehlvest,J"]
[Result "1/2-1/2"]
[WhiteElo "2688"]
[BlackElo "2600"]

1.d4 Nf6 2.c4 g6 3.Nc3 d5 4.cxd5 Nxd5 5.e4 Nxc3 6.bxc3 Bg7 7.Be3 c5 8.Qd2 cxd4
9.cxd4 Nc6 10.Rd1 O-O 11.Nf3 Bg4 12.Be2 Rc8 13.O-O Qa5 14.h3 Qxd2 15.Rxd2 Bxf3
16.Bxf3 Na5 17.Bg5 Bf6 18.Bxf6 exf6 19.Rb1 Rfd8 20.Be2 Rc3 21.d5 b6 22.f4 Nc4
23.Rd4 Nd6 24.Ra4 Rc7 25.Bf3 Re8 26.Re1 Rce7 27.Kf2 Kg7 28.e5 fxe5 29.fxe5 Rxe5
30.Rxe5 Rxe5 31.Rxa7 Re8 32.Rd7 Ne4+ 33.Bxe4  1/2-1/2

[Event "Spring Festival IM"]
[Site "Bucharest ROM"]
[Date "2003.03.23"]
[Round "4"]
[White "Bets,A"]
[Black "Voiteanu,G"]
[Result "1/2-1/2"]
[WhiteElo "2357"]
[BlackElo "2252"]

1.d4 Nf6 2.c4 g6 3.Nc3 d5 4.cxd5 Nxd5 5.e4 Nxc3 6.bxc3 Bg7 7.Nf3 c5 8.Rb1 O-O
9.Be2 cxd4 10.cxd4 Qa5+ 11.Bd2 Qxa2 12.O-O Bg4 13.Be3 Nc6 14.d5 Na5 15.Bc5 Bf6
16.e5 Bxe5 17.Rb4 Bxf3 18.Bxf3 Rae8 19.Bxa7 b5 20.Bd4 Bxd4 21.Qxd4 Nc4 22.Ra1 Qc2
23.Be4 Qe2 24.Bf3 Qc2 25.Be4 Qe2 26.Bf3 Qc2  1/2-1/2

[Event "ch-VIE"]
[Site "Dong Thap VIE"]
[Date "2003.03.26"]
[Round "7"]
[White "Bui Vinh"]
[Black "Pham Minh Hoang"]
[Result "1-0"]
[WhiteElo "2461"]
[BlackElo "2425"]

1.d4 Nf6 2.c4 g6 3.Nc3 d5 4.cxd5 Nxd5 5.e4 Nxc3 6.bxc3 Bg7 7.Bb5+ Nd7 8.Nf3 c5
9.O-O a6 10.Bd3 cxd4 11.cxd4 Nc5 12.dxc5 Bxa1 13.Bh6 Bc3 14.Qc2 Ba5 15.Rd1 Qc7
16.Bc4 e6 17.Qa4+ Ke7 18.Qa3 f6 19.e5 fxe5 20.Qe3 e4 21.Qg5+ Ke8 22.Qf6 Rg8
23.Ng5 Qe7 24.Qd4 Qd7 25.Qa1 Bc3 26.Qc1 Qa4 27.Bb3 Qb4 28.Qf4 Bd4 29.Qf7+ Kd8
30.Qxg8+ Kc7 31.Qf7+ Kc6 32.Nxe6  1-0

[Event "Spring Open"]
[Site "Belgrade YUG"]
[Date "2003.03.27"]
[Round "3"]
[White "Ivanovic,N"]
[Black "Nestorovic,De"]
[Result "0-1"]
[WhiteElo "2224"]
[BlackElo "2397"]

1.d4 Nf6 2.c4 g6 3.Nc3 d5 4.cxd5 Nxd5 5.e4 Nxc3 6.bxc3 Bg7 7.Nf3 c5 8.Rb1 O-O
9.Be2 b6 10.O-O Bb7 11.Qd3 Ba6 12.Qe3 Qc8 13.Bxa6 Qxa6 14.Rd1 Qxa2 15.Qd3 Qa6
16.dxc5 Qxd3 17.Rxd3 bxc5 18.Rd5 Rc8 19.Rb5 c4 20.e5 Nc6 21.Rbc5 Rab8 22.Rxc4 e6
23.Rdc5 Rd8 24.g3 Nxe5 25.Nxe5 Bxe5 26.Be3 Bf6 27.Ra5 Rbc8 28.Rxc8 Rxc8 29.Rxa7 Bxc3
30.Kg2 Kg7 31.h4 Bf6 32.Kf3 h6 33.Rd7 Rd8 34.Rb7 Bd4 35.Bxd4+ Rxd4 36.Ra7 g5
37.hxg5 hxg5 38.Ke3 Rb4 39.f3 g4 40.f4 Rb2 41.Ra5 f6 42.Ra3 Kg6 43.Rc3 Rg2
44.Ke4 Rg1 45.Ra3 Re1+ 46.Kd3 e5 47.Kd2 Rg1 48.fxe5 Rg2+ 49.Ke1 fxe5 50.Kf1 Rd2
51.Ke1 Rb2 52.Ra4 Kf5 53.Ra3 Ke4 54.Ra4+ Kf3 55.Ra3+ Kg2 56.Re3 Rf2 57.Rxe5 Kxg3
58.Rh5 Rf8 59.Rh7 Kg2 60.Rh6 Re8+ 61.Kd2 g3 62.Rf6 Kh2 63.Rh6+ Kg1 64.Rh7 g2
65.Rh6 Re5 66.Rh7 Kf2 67.Rf7+ Kg3 68.Rg7+ Kf3 69.Kd3 Rd5+ 70.Kc2 Rd4  0-1

[Event "XII It II"]
[Site "Dos Hermanas ESP"]
[Date "2003.03.28"]
[Round "1"]
[White "Pogorelov,R"]
[Black "Fernandez Romero,Ern"]
[Result "0-1"]
[WhiteElo "2517"]
[BlackElo "2396"]

1.d4 Nf6 2.c4 g6 3.Nc3 d5 4.cxd5 Nxd5 5.e4 Nxc3 6.bxc3 Bg7 7.Be3 c5 8.Qd2 Qa5
9.Rc1 O-O 10.d5 Rd8 11.c4 Qxd2+ 12.Kxd2 b6 13.Bd3 Na6 14.Ne2 Nb4 15.Nc3 Bxc3+
16.Rxc3 Nxa2 17.Ra3 Nb4 18.Be2 f6 19.Kc3 a5 20.g4 e6 21.f4 Ra7 22.Bf2 Re7
23.Bf3 exd5 24.cxd5 Bxg4 25.Bxg4 Rxe4 26.Be6+ Kg7 27.Re1 Rxf4 28.Bg3 Rf3+
29.Kb2 Nd3+ 30.Rxd3 Rxd3 31.Bc7 R8xd5 32.Bxd5 Rxd5 33.Bxb6 Rd2+ 34.Kc3 Rxh2
35.Bxc5 g5 36.Bd4 Rh3+ 37.Kc4 Rf3 38.Ra1 Rf5 39.Bc5 Rf4+ 40.Bd4 h5 41.Rxa5 Kg6
42.Kd3 h4 43.Be3 Rg4 44.Ke2 Rb4 45.Bf2 f5 46.Ra3 Kh5 47.Kf1 Kg4 48.Bc5 Rb1+
49.Kg2 Rb2+ 50.Kg1 Re2 51.Bb6 Rd2 52.Bc5 Rd5 53.Rc3 f4 54.Be7 Rd7 55.Bf6 Kf5
56.Rc6 Rd1+ 57.Kh2 Rd2+ 58.Kg1 h3 59.Bxg5 Kxg5 60.Rc8 Kg4 61.Rg8+ Kf3 62.Ra8 Rg2+
63.Kh1 Rd2 64.Kg1 Rd3 65.Rf8 Re3 66.Kh2 Re7 67.Ra8 Rh7 68.Ra3+ Kg4 69.Ra8 Rg7
70.Ra4 Rd7 71.Ra8 Rd2+ 72.Kg1 Kg3 73.Rg8+ Kf3 74.Ra8 Rd3 75.Kh2 Ke2 76.Re8+ Kf1
77.Rf8 f3  0-1

[Event "Bundesliga 2002-3"]
[Site "Plauen GER"]
[Date "2003.03.29"]
[Round "14"]
[White "Kuraszkiewicz,M"]
[Black "Hoffmann,Mi"]
[Result "0-1"]
[WhiteElo "2323"]
[BlackElo "2435"]

1.d4 Nf6 2.c4 g6 3.Nc3 d5 4.cxd5 Nxd5 5.e4 Nxc3 6.bxc3 Bg7 7.Nf3 c5 8.Rb1 O-O
9.Qd2 b6 10.Bc4 Nc6 11.Bd5 Bb7 12.Bxc6 Bxc6 13.d5 Bb7 14.c4 e6 15.O-O Ba6
16.Qc2 exd5 17.exd5 Bc8 18.Rb3 Bf5 19.Qd2 Re8 20.Re3 Rxe3 21.Qxe3 Qd7 22.Ne5 Qa4
23.g4 Re8 24.gxf5 Rxe5 25.Qf4 Qe8 26.fxg6 hxg6 27.Be3 Re4 28.Qf3 Rxc4 29.Rd1 Qe4
30.Kg2 Kf8 31.d6 Ke8 32.Bf4 Kd7 33.Rd3 Qxf3+ 34.Rxf3 Ra4 35.h4 Rxa2 36.Be3 Kxd6
37.Rxf7 Bd4 38.Bxd4 cxd4 39.Rf6+ Ke5 40.Rxg6 d3 41.Kf3 d2 42.Ke2 d1=Q+ 43.Kxd1 Rxf2
44.Rg7 a5 45.Rg5+ Kd6 46.h5 Rh2 47.Kc1 a4 48.Kb1 Kc6 49.Rf5 b5 50.Rg5 Kb6
51.Rg6+ Ka5 52.h6 a3  0-1

[Event "FSGM April"]
[Site "Budapest HUN"]
[Date "2003.04.10"]
[Round "6"]
[White "Farago,I"]
[Black "Dub,Z"]
[Result "1-0"]
[WhiteElo "2477"]
[BlackElo "2358"]

1.d4 Nf6 2.c4 g6 3.Nc3 d5 4.cxd5 Nxd5 5.e4 Nxc3 6.bxc3 Bg7 7.Bc4 c5 8.Ne2 O-O
9.O-O Nc6 10.Be3 Bd7 11.Rb1 a6 12.Qd2 b5 13.Bd5 cxd4 14.cxd4 e6 15.Bb3 Qa5
16.Qd3 Rac8 17.f4 Qa3 18.f5 Nb4 19.Qd2 exf5 20.Ng3 fxe4 21.Nxe4 Bf5 22.Rxf5 gxf5
23.Nd6 Rc2 24.Bxc2 Nxc2 25.Nxf5 Nxe3 26.Rb3 Qxb3 27.Ne7+ Kh8 28.axb3 Ng4
29.Nf5  1-0

[Event "TCh-CZE 2002-3"]
[Site "Czech Rep CZE"]
[Date "2003.04.12"]
[Round "10"]
[White "Jedlicka,A"]
[Black "Walek,M"]
[Result "1-0"]
[WhiteElo "2267"]
[BlackElo "2317"]

1.d4 Nf6 2.c4 g6 3.Nc3 d5 4.cxd5 Nxd5 5.e4 Nxc3 6.bxc3 Bg7 7.Be3 c5 8.Qd2 O-O
9.Nf3 Qa5 10.Rc1 Rd8 11.Be2 e6 12.d5 b6 13.O-O exd5 14.exd5 Bf5 15.Bg5 Re8
16.Bd3 Bxd3 17.Qxd3 Nd7 18.d6 h6 19.Be7 Qa4 20.Rfe1 Qc6 21.c4 Rab8 22.h4 b5
23.h5 g5 24.cxb5 Qxb5 25.Qf5 Qa4 26.Re4 Qc6 27.Nd4 Qc8 28.Nb3 Rb5 29.Rec4 Bf8
30.Bxf8 Re5 31.Qg4 Kxf8 32.f4 gxf4 33.Qxf4 Rg5 34.Nd4 Kg8 35.Nxb5 Qc6 36.Qe4 Qxb5
37.Qe8+ Kg7 38.Rf4 f5 39.Re1  1-0

[Event "IM"]
[Site "Deizisau GER"]
[Date "2003.04.12"]
[Round "2"]
[White "Braun,A"]
[Black "Baramidze,D"]
[Result "0-1"]
[WhiteElo "2324"]
[BlackElo "2440"]

1.d4 Nf6 2.c4 g6 3.Nc3 d5 4.cxd5 Nxd5 5.e4 Nxc3 6.bxc3 Bg7 7.Nf3 c5 8.Rb1 O-O
9.Be2 b6 10.O-O Bb7 11.d5 Bxc3 12.Bc4 Bg7 13.Qd3 e5 14.dxe6 Qxd3 15.exf7+ Rxf7
16.Bxd3 Ba6 17.Bxa6 Nxa6 18.Bb2 Nb4 19.a3 Nd3 20.Bxg7 Kxg7 21.Rb3 c4 22.Rc3 b5
23.a4 a6 24.axb5 axb5 25.Nd4 Nxf2 26.Nxb5 Nxe4 27.Re3 Rxf1+ 28.Kxf1 Ra1+
29.Ke2 Ra2+ 30.Kf3 Nd2+ 31.Ke2 Rb2 32.Nc7 Nb1+ 33.Kf3 c3 34.Ne6+ Kf6 35.Nd4 Nd2+
36.Kg4 Rb4  0-1

[Event "XXXIV Open"]
[Site "Mar del Plata ARG"]
[Date "2003.04.17"]
[Round "7"]
[White "Lafuente,P"]
[Black "Musanti,D"]
[Result "1-0"]
[WhiteElo "2431"]
[BlackElo "2311"]

1.d4 Nf6 2.c4 g6 3.Nc3 d5 4.cxd5 Nxd5 5.e4 Nxc3 6.bxc3 Bg7 7.Be3 c5 8.Qd2 O-O
9.Rc1 Qa5 10.Nf3 e6 11.Bh6 Nc6 12.h4 cxd4 13.Bxg7 Kxg7 14.cxd4 Qxd2+ 15.Kxd2 Rd8
16.Ke3 Bd7 17.Bd3 Rac8 18.g4 h6 19.g5 hxg5 20.hxg5 Rh8 21.Rxh8 Rxh8 22.Bb5 Rh3
23.Bxc6 Bxc6 24.Rc5 Rh1 25.d5 exd5 26.exd5 Bd7 27.d6 Rh8 28.Rc7 Rd8 29.Ne5 Be6
30.d7 f6 31.gxf6+ Kxf6 32.Ke4 Bxa2 33.Rxb7 Be6 34.Rxa7 g5 35.Ra6 Rh8 36.Rd6 Rh4+
37.Ke3  1-0

[Event "Open"]
[Site "Lenk SUI"]
[Date "2003.04.19"]
[Round "5"]
[White "Kolly,J"]
[Black "Moor,R"]
[Result "1-0"]
[WhiteElo "2213"]
[BlackElo "2405"]

1.d4 Nf6 2.c4 g6 3.Nc3 d5 4.cxd5 Nxd5 5.e4 Nxc3 6.bxc3 Bg7 7.Bc4 O-O 8.Ne2 Nc6
9.O-O b6 10.Be3 Bb7 11.Qd2 Qd6 12.Rad1 Na5 13.Bd3 c5 14.d5 e6 15.c4 Ba6 16.Rc1 exd5
17.exd5 Rae8 18.Ng3 Qd7 19.Qc2 Re7 20.Bd2 Rfe8 21.Rfe1 Nb7 22.Ne4 Nd6 23.Nxd6 Qxd6
24.Qa4 b5 25.cxb5 Bc8 26.b6 Bd7 27.Qxa7 Be5 28.b7 Qxd5 29.Re3 Bc6 30.Bf1 Bxb7
31.Rxc5 Qd4 32.Bc3 Bxh2+ 33.Kxh2 Qh4+ 34.Kg1 Bxg2 35.Bxg2 Rxe3 36.fxe3  1-0

[Event "Commonwealth Ch"]
[Site "Mumbai IND"]
[Date "2003.04.20"]
[Round "1"]
[White "Patwardhan,O"]
[Black "Prasad,D"]
[Result "0-1"]
[WhiteElo "2126"]
[BlackElo "2400"]

1.d4 Nf6 2.c4 g6 3.Nc3 d5 4.cxd5 Nxd5 5.e4 Nxc3 6.bxc3 Bg7 7.Be3 c5 8.Nf3 Qa5
9.Qd2 Nc6 10.Rc1 cxd4 11.cxd4 Qxd2+ 12.Kxd2 e6 13.Be2 O-O 14.Rhd1 Bd7 15.Ke1 Rfc8
16.Rb1 Na5 17.Rdc1 Rxc1+ 18.Rxc1 Rc8 19.Rxc8+ Bxc8 20.d5 exd5 21.exd5 b6
22.Bb5 Nb7 23.Bf4 Nc5 24.Ne5 a6 25.Be2 Bb7 26.d6 Bxg2 27.d7 Bf6 28.Bc4 Kf8
29.Bxf7 Ke7 30.Be8 g5 31.Be3 Nxd7 32.Nxd7 Bc3+ 33.Ke2 Kxe8 34.Nxb6 h6 35.f4 g4
36.Kd3 Be1 37.Nc4 h5 38.Ke2 Bc3 39.Kd3 Bf6 40.Ne5 Ke7 41.Ng6+ Ke6  0-1

[Event "Commonwealth Ch"]
[Site "Mumbai IND"]
[Date "2003.04.21"]
[Round "2"]
[White "Sasikiran,K"]
[Black "Sivanandan,B"]
[Result "1-0"]
[WhiteElo "2658"]
[BlackElo "2396"]

1.d4 Nf6 2.c4 g6 3.Nc3 d5 4.cxd5 Nxd5 5.e4 Nxc3 6.bxc3 Bg7 7.Bb5+ c6 8.Ba4 O-O
9.Ne2 Nd7 10.O-O e5 11.Qc2 a5 12.Bb3 b5 13.a4 Nb6 14.Ba3 b4 15.cxb4 exd4
16.Rad1 Ba6 17.b5 cxb5 18.Bxf8 Qxf8 19.axb5 Bxb5 20.Qd2 a4 21.Ba2 Nc4 22.Qg5 Ne5
23.Rfe1 Bc4 24.Bxc4 Nxc4 25.Qb5 Na3 26.Qd3 Qb4 27.e5 Bxe5 28.Qe4 Ra5 29.Nxd4 f5
30.Qe3 Nc4 31.Qe2 Rc5 32.Ne6 Rc8 33.Rd8+ Rxd8 34.Nxd8 Qc3 35.Nc6 Bf6 36.Ne7+ Kg7
37.Nd5 Qd2 38.Qxd2 Nxd2 39.Nxf6 Kxf6 40.Ra1 Ne4 41.Rxa4 h5 42.f3 Ng5 43.Kf2 Ne6
44.h4 Ke5 45.Ra5+ Kd4 46.Rb5 Nf4 47.Rb6 Ke5 48.g3 Ne6 49.f4+ Kf6 50.Ke3 Kf7
51.Rb5 Kf6 52.Kd3 Kf7 53.Kc4 Kf6 54.Rb6 Kf7 55.Kd5 Nf8 56.Rd6 Ke7 57.Ke5 Kf7
58.Rf6+ Ke8  1-0

[Event "Commonwealth Ch"]
[Site "Mumbai IND"]
[Date "2003.04.21"]
[Round "3"]
[White "Babu,NS"]
[Black "Gokhale,A"]
[Result "1/2-1/2"]
[WhiteElo "2353"]
[BlackElo "2213"]

1.d4 Nf6 2.c4 g6 3.Nc3 d5 4.cxd5 Nxd5 5.e4 Nxc3 6.bxc3 Bg7 7.Be3 c5 8.Qd2 Qa5
9.Rb1 b6 10.Bb5+ Bd7 11.Bd3 O-O 12.Ne2 Nc6 13.Rb2 Rfd8 14.O-O cxd4 15.cxd4 Qxd2
16.Rxd2 Nb4 17.Bb1 Bb5 18.a3 Nc6 19.Bd3 Bxd3 20.Rxd3 Rd6 21.Rfd1 Rad8 22.Kf1 h6
23.Ke1  1/2-1/2

[Event "Commonwealth Ch"]
[Site "Mumbai IND"]
[Date "2003.04.23"]
[Round "6"]
[White "Poobesh Anand,S"]
[Black "Nikhilesh,K"]
[Result "1/2-1/2"]
[WhiteElo "2333"]
[BlackElo "2163"]

1.d4 Nf6 2.c4 g6 3.Nc3 d5 4.cxd5 Nxd5 5.e4 Nxc3 6.bxc3 Bg7 7.Be3 c5 8.Rc1 Qa5
9.Qd2 cxd4 10.cxd4 Qxd2+ 11.Bxd2 O-O 12.Nf3 e6 13.Bb5 a6 14.Bb4 Rd8 15.Be7 axb5
16.Bxd8 Nc6 17.Bb6 Bd7 18.O-O Ra6 19.Bc5 Rxa2 20.Ra1 Ra4 21.Rfb1 Na5 22.Nd2 Bh6
23.Rxa4 bxa4 24.Bb4 Bxd2 25.Bxd2 Nb3 26.Bc3 Bb5 27.d5 Kf8 28.Bb4+ Ke8 29.f3 Bc4
30.dxe6 fxe6 31.Rd1 b5 32.Kf2 e5 33.Ke1 Nd4 34.Kd2 Kd7 35.h4 h5 36.Kc3 Ke6
37.Bc5 Ne2+ 38.Kb4 Nf4 39.Rd6+ Kf7 40.Be3 Nxg2 41.Bf2 Be2 42.Bg3 Bxf3 43.Kxb5 Bxe4
44.Kxa4 Bf5 45.Rd2 Ne3 46.Bxe5 Nc4 47.Re2 Nxe5 48.Rxe5 Kf6 49.Ra5 Ke6 50.Kb4 Kf6
51.Kc3 Ke6 52.Kd4 Kf7 53.Ke5 Kg7 54.Ra7+ Kg8 55.Kf6 Bd3 56.Kg5 Bc2 57.Kh6 Bf5
58.Ra5 Be4 59.Rb5 Bf5  1/2-1/2

[Event "Commonwealth Ch"]
[Site "Mumbai IND"]
[Date "2003.04.24"]
[Round "7"]
[White "Babu,NS"]
[Black "Hossain,Enam"]
[Result "1-0"]
[WhiteElo "2353"]
[BlackElo "2473"]

1.d4 Nf6 2.c4 g6 3.Nc3 d5 4.cxd5 Nxd5 5.e4 Nxc3 6.bxc3 Bg7 7.Be3 c5 8.Qd2 Qa5
9.Rc1 cxd4 10.cxd4 Qxd2+ 11.Kxd2 O-O 12.Nf3 Rd8 13.Ke1 Nc6 14.d5 Na5 15.Bg5 Kf8
16.Bd3 f5 17.Ke2 fxe4 18.Bxe4 Bd7 19.Rhd1 Ba4 20.Bc2 Bb5+ 21.Ke1 Rac8 22.Nd4 Bxd4
23.Rxd4 Rc4 24.Rdd1 Rdc8 25.Bb1 Ke8 26.Rxc4 Nxc4 27.Rd4 Na3 28.Bd3 Kd7 29.Bxb5+ Nxb5
30.Rh4 h5 31.Re4 Re8 32.Re6 Nc3 33.Rxg6 Nxa2 34.Bd2 Rc8 35.g4 hxg4 36.Rxg4 Nc3
37.Rd4 b5 38.h4 Kd6 39.h5 Nxd5 40.h6 Rh8 41.Rh4 Kc5 42.Kd1 b4 43.Kc2 a5 44.Kb3 Kb5
45.Rh5 a4+ 46.Kb2 Kc4 47.Rh4+ Kc5 48.h7 Kb5 49.Rh5 Kc5 50.Kc2 e6 51.Bh6 b3+
52.Kb2 Kc4 53.Bg7 Ra8 54.Rh4+  1-0

[Event "11th Sigeman & Co"]
[Site "Malmoe SWE"]
[Date "2003.04.29"]
[Round "1"]
[White "Nielsen,PH"]
[Black "McShane,L"]
[Result "1-0"]
[WhiteElo "2625"]
[BlackElo "2592"]

1.d4 Nf6 2.c4 g6 3.Nc3 d5 4.cxd5 Nxd5 5.e4 Nxc3 6.bxc3 Bg7 7.Bc4 c5 8.Ne2 cxd4
9.cxd4 Nc6 10.Be3 O-O 11.O-O Bg4 12.f3 Na5 13.Bd3 Be6 14.d5 Bxa1 15.Qxa1 f6
16.Bh6 Re8 17.Kh1 Bd7 18.e5 Rc8 19.Ng3 Nc4 20.Bxc4 Rxc4 21.Ne4 Qb6 22.Rd1 Rxe4
23.fxe4 fxe5 24.Qxe5 Qf6 25.Qg3 e6 26.d6 e5 27.h3 b5 28.Bg5 Qe6 29.Be7 Rc8
30.Rf1 Qc4 31.Qf2 b4 32.Bg5 Bb5 33.d7 Bxd7 34.Bh6 Bf5 35.exf5 Qf7 36.f6 a5
37.Qb6 Ra8  1-0